Les 15 villes les plus peuplées d'Auvergne de 1806 à 2023 - Statistiques

Statistiques générales
  • Ce quiz a été pris 72 fois
  • Le résultat moyen est 79 sur 120
Statistiques - réponses
Hint Réponse % Correct
1806 Clermont-Ferrand 30982
100%
1846 Clermont-Ferrand 34083
100%
1876 Clermont-Ferrand 41772
100%
1911 Clermont-Ferrand 65386
100%
1936 Clermont-Ferrand 100991
100%
1968 Clermont-Ferrand 148759
100%
1999 Clermont-Ferrand 137140
100%
2023 Clermont-Ferrand 146351
100%
1876 Vichy 6428
88%
1911 Vichy 16502
88%
1936 Vichy 25544
88%
1968 Vichy 33506
88%
1999 Vichy 26528
88%
2023 Vichy 25115
88%
1806 Le Puy-en-Velay 12318
86%
1846 Le Puy-en-Velay 14995
86%
1876 Le Puy-en-Velay 20177
86%
1911 Le Puy-en-Velay 22281
86%
1936 Le Puy-en-Velay 22864
86%
1968 Le Puy-en-Velay 26389
86%
1999 Le Puy-en-Velay 20490
86%
2023 Le Puy-en-Velay 18540
86%
1806 Aurillac 10523
85%
1846 Aurillac 10499
85%
1876 Aurillac 11211
85%
1911 Aurillac 18036
85%
1936 Aurillac 19041
85%
1968 Aurillac 28226
85%
1999 Aurillac 30551
85%
2023 Aurillac 26214
85%
1806 Moulins 17110
83%
1846 Moulins 14101
83%
1876 Moulins 21774
83%
1911 Moulins 21990
83%
1936 Moulins 22369
83%
1968 Moulins 25979
83%
1999 Moulins 21892
83%
2023 Moulins 19206
83%
1806 Montluçon 5212
81%
1846 Montluçon 7331
81%
1876 Montluçon 23416
81%
1911 Montluçon 33799
81%
1936 Montluçon 42515
81%
1968 Montluçon 57871
81%
1999 Montluçon 41362
81%
2023 Montluçon 33147
81%
1806 Riom 14114
78%
1846 Riom 12845
78%
1876 Riom 10801
78%
1911 Riom 10561
78%
1936 Riom 11425
78%
1968 Riom 15467
78%
1999 Riom 18548
78%
2023 Riom 18820
78%
1806 Issoire 5454
75%
1846 Issoire 5702
75%
1876 Issoire 6250
75%
1936 Issoire 6421
75%
1968 Issoire 11886
75%
1999 Issoire 13773
75%
2023 Issoire 15115
75%
1806 Thiers 10793
73%
1846 Thiers 13284
73%
1876 Thiers 16343
73%
1911 Thiers 17437
73%
1936 Thiers 16181
73%
1968 Thiers 16623
73%
1999 Thiers 13338
73%
2023 Thiers 11637
73%
1806 Saint-Flour 5687
63%
1846 Saint-Flour 6065
63%
1876 Saint-Flour 5381
63%
1911 Saint-Flour 5777
63%
1999 Cournon-d'Auvergne 18866
59%
2023 Cournon-d'Auvergne 19951
59%
1806 Brioude 5486
56%
1846 Brioude 4962
56%
1806 Yssingeaux 6571
56%
1846 Yssingeaux 7707
56%
1876 Yssingeaux 8371
56%
1911 Yssingeaux 7836
56%
1806 Ambert 6136
54%
1846 Ambert 8017
54%
1876 Ambert 7789
54%
1911 Ambert 7863
54%
1936 Ambert 6877
54%
1968 Ambert 7328
54%
1936 Chamalières 8701
53%
1968 Chamalières 17775
53%
1999 Chamalières 18136
53%
2023 Chamalières 17509
53%
1911 Yzeure 6539
47%
1936 Yzeure 7573
47%
1968 Yzeure 11665
47%
1999 Yzeure 12696
47%
2023 Yzeure 12897
47%
1806 Cusset 4547
36%
1846 Cusset 5476
36%
1876 Cusset 6308
36%
1911 Cusset 6941
36%
1936 Cusset 8900
36%
1968 Cusset 13117
36%
1999 Cusset 13385
36%
2023 Cusset 13316
36%
1968 Aubière 7844
31%
1999 Aubière 9898
31%
1806 Gannat 4854
31%
1846 Gannat 5461
31%
1876 Gannat 5568
31%
2023 Pont-du-Château 12412
29%
1846 Saint-Pourçain-sur-Sioule 4961
25%
1999 Beaumont 10741
24%
2023 Beaumont 10728
24%
1876 Commentry 12978
20%
1911 Commentry 10112
20%
1936 Commentry 8827
20%
1968 Commentry 10026
20%
1911 Saint-Éloy-les-Mines 6621
10%
1936 Saint-Éloy-les-Mines 6853
10%
1806 Billom 5186
7%
Aucun quiz correspondant
Distribution des résultats
% des personnes avec chaque résultat
Percentile par nombre de réponses
Votre historique - résultats
Vous n’avez pas pris ce quiz